000 00283nam a2200121Ia 4500
005 20251222141913.0
008 251222s9999||||xx |||||||||||||| ||spa||
082 _a370.12/C23C
100 _aCalero Pérez, Mavilo
245 0 _aConstructivismo:
264 _bSan Marcos
942 _cLIB
999 _c8457
_d8457